M:llä alkavat valtiot kartalla - Äkkikuolema - Statistics

Yleistilastot
  • Tätä visaa on pelattu 366 kertaa
  • Keskiarvotulos 10 / 15
Answers on the Grid
Answers color-coded by a green-red scale on the quiz's grid according to % correct below.
 
Vastaustilastot
Vastaus % Oikein
Mali, Malta, Marokko, Mauritania, Moldova, Monaco, Montenegro
91%
Mali, Mauritania
79%
Madagaskar, Malawi, Mauritius, Mosambik
79%
Meksiko
73%
Mali, Marokko, Mauritania
73%
Malediivit, Malesia, Myanmar
73%
Meksiko
72%
Mongolia, Myanmar
71%
Marokko, Mauritania
65%
Mongolia
61%
Mongolia
57%
Malesia, Mikronesia
54%
Meksiko
51%
Marshallinsaaret, Mikronesia
42%
Mosambik
39%
Ehtoja vastaavia visoja ei löytynyt
Tulosjakauma
Jokaisen tuloksen saaneiden osuus
Persentiili vastausten määrän mukaan
Tuloshistoriasi
Et ole pelannut tätä visaa